|
|
|
|
| LEADER |
00000cam a2200000 7i4500 |
| 001 |
0000003844 |
| 005 |
20110722.0 |
| 090 |
0 |
0 |
|a R THE 634.92
|b AZU 2010
|
| 100 |
0 |
0 |
|a Nor Azura bte Sueb
|
| 245 |
0 |
0 |
|a Comparison of the recovered log volume between current and extended directional felling technique
|c by Nor Azura bte Sueb
|
| 260 |
0 |
0 |
|a Serdang, Selangor :
|b Universiti Pertanian Malaysia ,
|c 2010
|
| 300 |
|
|
|a xii, 58 p. :
|b .ill ;
|c 30 cm.
|
| 500 |
0 |
0 |
|a Bibliography : p. 31-32
|
| 500 |
0 |
0 |
|a Thesis: Bac. of Forestry Science, Universiti Pertanian Malaysia (2010)
|
| 650 |
0 |
0 |
|a Selective management system
|
| 998 |
|
|
|a JPSM
|
| 999 |
|
|
|a 007660
|b Thesis
|c Reference
|e Default branch
|